[Event "Sevilla op"]
[Site "Sevilla"]
[Date "1994.??.??"]
[Round "4"]
[White "Ehlvest, Jaan"]
[Black "Rivas Pastor, Manuel"]
[Result "1/2-1/2"]
[WhiteElo "2610"]
[BlackElo "2505"]

1.d4 d6 2.c4 e5 3.Nf3 e4 4.Ng5 f5 5.Nc3 Nf6 6.h4 Be7 7.e3 c6 8.Be2 Na6 9.Nh3 Nc7
10.Nf4 Ne6 11.d5 Nxf4 12.exf4 Bd7 13.h5 h6 14.Be3 O-O 15.a3 Kh8 16.Qd2 Rc8
17.Rd1 cxd5 18.Nxd5 Nxd5 19.Qxd5 b6 20.b3 Be8 21.Rh3 Qd7 22.Qd2 Qe6 23.a4 Rc6
24.Qd5 Qc8 25.f3 Bf7 26.Qb5 a6 27.Qb4 exf3 28.Bxf3 d5 29.Qxe7 Re6 30.Qb4 Rxe3+
31.Kf2 Rfe8 32.Bxd5 Re2+ 33.Kg1 Bxd5 34.Rxd5 Qe6 35.Qc3 Qe4 36.Rg3 Re7 37.Qd3 Re1+
38.Kh2 Qxf4 39.Rxf5 Qb8 40.Qf3 Re8 41.Qg4 R8e7 42.Rf4 R1e5 43.Qf3  1/2-1/2

[Event "Sevilla op"]
[Site "Sevilla"]
[Date "1994.??.??"]
[Round "5"]
[White "Arakhamia, Ketevan"]
[Black "Ehlvest, Jaan"]
[Result "0-1"]
[WhiteElo "2485"]
[BlackElo "2610"]

1.Nf3 e6 2.g3 b5 3.a4 b4 4.Bg2 Bb7 5.O-O Nf6 6.d3 Be7 7.e4 O-O 8.Nbd2 Nc6
9.Re1 Na5 10.Nf1 c5 11.Bg5 Rc8 12.N3d2 d6 13.Nc4 Nxc4 14.dxc4 Rc7 15.Qd3 Qa8
16.Rad1 Rd8 17.b3 Rcd7 18.f3 Kh8 19.Bc1 Ng8 20.Bb2 Bf6 21.Bxf6 Nxf6 22.Rd2 Ng8
23.c3 bxc3 24.Qxc3 a5 25.Red1 Ne7 26.Ne3 Nc6 27.Nc2 Qb8 28.f4 h6 29.Na3 Nd4
30.Nb5 e5 31.Nxd4 exd4 32.Qxa5 Bc6 33.Rd3 Re8 34.Re1 Rb7 35.e5 Bxg2 36.Kxg2 dxe5
37.Qxc5 Rxb3 38.Rxb3 Qxb3 39.fxe5 Qc2+ 40.Kg1 d3 41.Qc6 Rb8 42.Qc7 Rg8 43.Rf1 d2
44.Qd6 Rc8 45.e6 fxe6 46.Qxe6 Rd8  0-1

[Event "Sevilla op"]
[Site "Sevilla"]
[Date "1994.??.??"]
[Round "6"]
[White "Ehlvest, Jaan"]
[Black "De la Villa Garcia, Jesus Maria"]
[Result "1/2-1/2"]
[WhiteElo "2610"]
[BlackElo "2470"]

1.d4 d5 2.Nf3 Nf6 3.c4 dxc4 4.e3 e6 5.Bxc4 c5 6.O-O a6 7.a3 b5 8.Ba2 Bb7
9.Nc3 Be7 10.Qe2 Nbd7 11.Rd1 Qc7 12.Bd2 Rc8 13.Rac1 Qb8 14.dxc5 Nxc5 15.Nd4 O-O
16.f3 Bd6 17.g3 Be5 18.Be1 Rfd8 19.Bf2 Bxd4 20.exd4 Na4 21.Ne4 Nd5 22.Bb1 Rxc1
23.Rxc1 Rc8 24.Re1 Qc7 25.Bd3 Qd7 26.Qd2 Qc6 27.g4 Qb6 28.b3 Nac3 29.Nc5 Qc6
30.Bc2 a5 31.Qd3 g6 32.Qd2 b4 33.axb4 axb4 34.Bh4 Nb5 35.Be4 f5 36.gxf5 exf5
37.Bxd5+ Qxd5 38.Nxb7 Nxd4 39.Kh1 Qxf3+ 40.Qg2 Rc2 41.Qxf3 Nxf3 42.Re8+ Kg7
43.Bg3 g5 44.Re3 g4 45.Re7+ Kg6 46.Bf4 Rb2 47.Nd6 Kf6 48.Rxh7 Ke6 49.Bg3 Nd4
50.Nb7 Nxb3 51.Rh6+ Kd5 52.Rd6+ Ke4 53.Rd1 Nd2 54.Nd6+ Kd3 55.Nxf5 b3 56.Re1 Rb1
57.Rxb1 Nxb1 58.Be5 Ke4 59.Bb2 Kxf5 60.Kg2 Nd2 61.h3 gxh3+ 62.Kxh3 Ke4 63.Kg4 Nf1
64.Kg5 Ne3 65.Ba1 Nd1 66.Kf6 Kd3 67.Ke6 Kc2 68.Kd5 Kb1 69.Kc4 b2  1/2-1/2

[Event "Sevilla op"]
[Site "Sevilla"]
[Date "1994.??.??"]
[Round "8"]
[White "Ehlvest, Jaan"]
[Black "Fernandez Garcia, Jose L"]
[Result "1-0"]
[WhiteElo "2610"]
[BlackElo "2455"]

1.d4 Nf6 2.c4 g6 3.Nc3 d5 4.e3 Bg7 5.Qb3 e6 6.Qa3 Nc6 7.Nf3 Ne7 8.Be2 O-O
9.O-O b6 10.cxd5 Nexd5 11.Rd1 Bb7 12.Bd2 Qd6 13.Nxd5 Nxd5 14.Qa4 c5 15.dxc5 bxc5
16.Qh4 Qe7 17.Qxe7 Nxe7 18.Rac1 Bxb2 19.Rxc5 Rab8 20.Ra5 Bd5 21.Rxa7 Nc6
22.Ra6 Nb4 23.Bxb4 Rxb4 24.Ne1 Rbb8 25.Bf3 Bc4 26.Ra7 Bf6 27.Rc1 Rfc8 28.g4 Bb5
29.Rcc7 Rxc7 30.Rxc7 Rb6 31.Rb7 Rxb7 32.Bxb7 Bc3 33.Nc2 Ba4 34.Nd4 e5 35.Ne2 Bb4
36.Ng3 Kf8 37.Bd5 Ke7 38.Bc4 Bd7 39.g5 Bc6 40.Kf1  1-0

[Event "St Petersburg op2"]
[Site "St Petersburg"]
[Date "1994.??.??"]
[Round "2"]
[White "Ehlvest, Jaan"]
[Black "Skomorokhin, Roman"]
[Result "1-0"]
[WhiteElo "2600"]
[BlackElo "2425"]

1.d4 d5 2.c4 e6 3.Nc3 c6 4.e4 Bb4 5.Qg4 Nf6 6.Qxg7 Rg8 7.Qh6 dxe4 8.Ne2 c5
9.a3 Bxc3+ 10.bxc3 Nbd7 11.Ng3 Qa5 12.Bd2 Qb6 13.Qe3 Qb2 14.Rd1 Qxa3 15.Nxe4 cxd4
16.Nxf6+ Nxf6 17.Qxd4 Qe7 18.Bf4 Bd7 19.Bd6 Qd8 20.f3 Bc6 21.Rd2 Nd7 22.Bd3 f5
23.Re2 Kf7 24.Rf1 Qg5 25.g4 Rae8 26.c5 b5 27.cxb6 Nxb6 28.gxf5 Bd5 29.Bc7 Rc8
30.Bxb6 axb6 31.c4 Bxc4 32.Bxc4 Qc1+ 33.Kf2 Qxc4 34.fxe6+  1-0

[Event "St Petersburg op2"]
[Site "St Petersburg"]
[Date "1994.??.??"]
[Round "3"]
[White "Tunik, Gennady"]
[Black "Ehlvest, Jaan"]
[Result "1/2-1/2"]
[WhiteElo "2450"]
[BlackElo "2600"]

1.d4 Nf6 2.c4 e6 3.Nf3 d5 4.Nc3 Nbd7 5.cxd5 exd5 6.Bg5 c6 7.Qc2 Be7 8.e3 O-O
9.Bd3 Re8 10.O-O Nf8 11.Rab1 Ng6 12.b4 Bd6 13.b5 h6 14.bxc6 bxc6 15.Bxf6 Qxf6
16.e4 Nf4 17.e5 Qe6 18.Ne2 Nxd3 19.Qxd3 Be7 20.Rfc1 Qf5 21.Qc3 Bd7 22.Ng3 Qe6
23.Ne1 Reb8 24.Nd3 Qg6 25.Rb3 Rb6 26.Nc5 Bc8 27.Nf1 h5 28.Re1 h4 29.h3 Rab8
30.Re3 Bf5 31.Nd2 Rb5 32.Nf3 Kh7 33.Kh1 Qh6 34.e6 fxe6 35.Nd7 Rxb3 36.axb3 Rc8
37.Qa5 Qf4 38.Nc5 Be4 39.Nxe6 Qh6 40.Neg5+ Bxg5 41.Nxg5+ Qxg5 42.Rxe4 Qc1+
43.Re1 Qb2 44.Qxa7 Qxf2 45.Qa1 Rf8 46.Qd1 Rf6 47.b4 Kh6 48.Qc1+ Kg6 49.Qd1 Kh7
50.Qh5+ Rh6 51.Qe5 Qf6 52.b5 cxb5 53.Qxd5 b4 54.Qc4 Qb6 55.d5 Qd6 56.Qe4+ Kg8
57.Rb1 Rf6 58.Qxh4 Qxd5 59.Qxb4 Qd3 60.Qe1 Kh7 61.Rd1 Qc4 62.Rc1 Qd3 63.Qe5 Rf1+
64.Rxf1 Qxf1+ 65.Kh2 Qf2 66.Qe4+ Kg8 67.h4 Qf6 68.Qd5+ Kh7 69.Qd3+ Kg8 70.Kh3 Qe6+
71.g4 Qe5 72.h5 Qf4 73.Qd5+ Kf8  1/2-1/2

[Event "St Petersburg op"]
[Site "St Petersburg"]
[Date "1994.??.??"]
[Round "3"]
[White "Agrest, Evgenij"]
[Black "Ehlvest, Jaan"]
[Result "1/2-1/2"]
[WhiteElo "2475"]
[BlackElo "2610"]

1.d4 Nf6 2.c4 e6 3.Nc3 Bb4 4.a3 Bxc3+ 5.bxc3 c5 6.e3 b6 7.Bd3 Bb7 8.f3 Nc6
9.Nh3 Ba6 10.Bb2 Na5 11.Qe2 d5 12.cxd5 Bxd3 13.Qxd3 Qxd5 14.Qb5+ Nd7 15.e4 Qc4
16.Qxc4 Nxc4 17.Bc1 O-O 18.Ke2 Rac8 19.Rd1 cxd4 20.cxd4 Na5 21.Ra2 Rc4 22.Be3 Rfc8
23.Nf2 Nb3 24.Rd3 Nc1+ 25.Bxc1 Rxc1 26.Rd1 Rxd1 27.Kxd1  1/2-1/2

[Event "St Petersburg op2"]
[Site "St Petersburg"]
[Date "1994.??.??"]
[Round "4"]
[White "Ehlvest, Jaan"]
[Black "Orlov, Vassily"]
[Result "1-0"]
[WhiteElo "2600"]
[BlackElo "2350"]

1.d4 Nf6 2.c4 g6 3.Nc3 d5 4.e3 Bg7 5.Qb3 c6 6.cxd5 cxd5 7.Nge2 O-O 8.Nf4 e6
9.Be2 Nc6 10.O-O Ne8 11.Qc2 Nd6 12.b3 Nb4 13.Qd2 Qa5 14.a4 Rd8 15.Ba3 Nc6
16.Rfc1 Ne4 17.Nxe4 dxe4 18.b4 Qg5 19.Nh3 Qh4 20.b5 Ne7 21.g3 Qf6 22.Qc2 e5
23.dxe5 Qxe5 24.Nf4 Bf5 25.Rd1 Nd5 26.Nxd5 Rxd5 27.Rac1 h5 28.Rxd5 Qxd5 29.Bc4 Qe5
30.Qb3 Qf6 31.Bd5 Re8 32.Qb1 h4 33.Rc7 Be6 34.Bxe4 Qe5 35.Rc5 Qf6 36.Bxb7 Bf8
37.Bb2 Qe7 38.Bc6 Qxc5 39.Bxe8 Qb4 40.Qa1 Bb3 41.a5 hxg3 42.hxg3 Ba4 43.Bd4 a6
44.Qa2 Bb3 45.Qb1 Ba4 46.Qd3 Bd6 47.Bc3 Qc5 48.Qd4 Kf8 49.Qh8+ Ke7 50.Bc6  1-0

[Event "St Petersburg op"]
[Site "St Petersburg"]
[Date "1994.??.??"]
[Round "6"]
[White "Ehlvest, Jaan"]
[Black "Pugachov, Alexey"]
[Result "1/2-1/2"]
[WhiteElo "2610"]
[BlackElo "2470"]

1.d4 Nf6 2.Nf3 g6 3.c4 Bg7 4.Nc3 O-O 5.Bg5 c5 6.d5 h6 7.Bh4 d6 8.Nd2 g5 9.Bg3 Nh5
10.e3 Nxg3 11.hxg3 f5 12.Bd3 Nd7 13.Nf3 e6 14.dxe6 Nb6 15.g4 Bxe6 16.gxf5 Bxf5
17.Bxf5 Rxf5 18.Qc2 Qf8 19.Ne4 Nxc4 20.Ng3 Rxf3 21.gxf3 Nxb2 22.Nf5 c4 23.Ke2 Qf6
24.Qe4 Rf8 25.Nxg7 Kxg7 26.f4 Rf7 27.Rag1 Kf8 28.Rg4 Re7 29.Qd5 Nd3 30.Kf1 Qb2
31.Qf5+ Ke8 32.fxg5 Rf7 33.Qc8+ Ke7 34.Qc7+ Ke8 35.Qc8+ Ke7 36.Re4+ Ne5 37.Qc7+ Ke8
38.Qc8+ Ke7 39.Qc7+ Ke8 40.Qc8+ Ke7  1/2-1/2

[Event "St Petersburg op2"]
[Site "St Petersburg"]
[Date "1994.??.??"]
[Round "7"]
[White "Irzhanov, Ruslan"]
[Black "Ehlvest, Jaan"]
[Result "0-1"]
[WhiteElo "2430"]
[BlackElo "2600"]

1.d4 Nf6 2.c4 e6 3.Nc3 Bb4 4.e3 O-O 5.Ne2 d5 6.a3 Be7 7.Nf4 c6 8.Bd3 Nbd7
9.cxd5 exd5 10.O-O Re8 11.f3 Nf8 12.Bc2 Ne6 13.e4 dxe4 14.Nxe6 Bxe6 15.fxe4 Bg4
16.Qd3 Bh5 17.Bf4 Bg6 18.Qd2 c5 19.d5 Nh5 20.Ba4 Nxf4 21.Bxe8 Ne6 22.Ba4 Bd6
23.Kh1 Be5 24.Qe3 Nd4 25.g3 a6 26.Ne2 b5 27.Bd1 f5 28.Nf4 Bxf4 29.Qxf4 fxe4
30.d6 Qe8 31.Re1 Qc6 32.Kg1 Qd5 33.d7 Qxd7 34.Qe5 c4 35.Bg4 Qa7 36.Kh1 Nc2
37.Qd5+ Kh8 38.Rad1 Nxe1 39.Qd8+ Be8 40.Qh4 Qf2  0-1

[Event "St Petersburg op"]
[Site "St Petersburg"]
[Date "1994.??.??"]
[Round "7"]
[White "Beshukov, Sergei"]
[Black "Ehlvest, Jaan"]
[Result "1/2-1/2"]
[WhiteElo "2480"]
[BlackElo "2610"]

1.e4 c5 2.Nf3 d6 3.d4 cxd4 4.Nxd4 Nf6 5.Nc3 Nc6 6.Be2 e6 7.O-O Be7 8.Be3 Bd7
9.f4 Nxd4 10.Bxd4 Bc6 11.Bd3 O-O 12.Qe1 Nd7 13.Qg3 e5 14.fxe5 Bh4 15.Qf4 dxe5
16.Bxe5 Bg5 17.Qg3 Nxe5 18.Qxe5 Bf6 19.Qf5 Bd7 20.Qc5 b6 21.Qd6 Bxc3 22.bxc3 Be6
23.Qxd8 Rfxd8 24.Ba6 Rd7 25.a4 Rc7 26.a5 Rxc3 27.axb6 axb6 28.Bd3  1/2-1/2

[Event "US National op"]
[Site "?"]
[Date "1994.??.??"]
[Round "?"]
[White "Ehlvest, Jaan"]
[Black "Yermolinsky, Alex"]
[Result "1-0"]
[WhiteElo "2600"]
[BlackElo "2590"]

1.d4 Nf6 2.c4 g6 3.Nc3 Bg7 4.e4 d6 5.f3 O-O 6.Be3 a6 7.Qd2 b6 8.Rd1 Qe8 9.d5 c5
10.dxc6 Qxc6 11.b3 Qb7 12.Nge2 Nc6 13.Nd5 Nxd5 14.cxd5 Ne5 15.Nd4 f5 16.exf5 Bxf5
17.Nxf5 gxf5 18.Be2 Ng6 19.f4 e5 20.dxe6 Qxg2 21.Qd5 Qxd5 22.Rxd5 b5 23.Kf2 Bh6
24.Rg1 Kh8 25.Kf3 Rfd8 26.Bb6 Rdc8 27.Rxd6 Rc2 28.e7  1-0

[Event "US National op"]
[Site "?"]
[Date "1994.??.??"]
[Round "?"]
[White "Readey, John"]
[Black "Ehlvest, Jaan"]
[Result "0-1"]
[WhiteElo "2295"]
[BlackElo "2600"]

1.Nf3 b6 2.g3 Bb7 3.Bg2 Nf6 4.O-O e6 5.c4 Be7 6.d4 O-O 7.Nc3 Na6 8.b3 d5
9.Ne5 c5 10.cxd5 exd5 11.Ba3 Re8 12.dxc5 bxc5 13.Rc1 Bf8 14.Nd3 Qa5 15.Bb2 Ne4
16.Na4  0-1

[Event "World op"]
[Site "Philadelphia"]
[Date "1995.??.??"]
[Round "3"]
[White "Ehlvest, Jaan"]
[Black "Svidler, Peter"]
[Result "1-0"]
[WhiteElo "2630"]
[BlackElo "2635"]

1.e4 d6 2.d4 Nf6 3.f3 c6 4.Be3 e5 5.dxe5 Qa5+ 6.Qd2 Qxe5 7.Nc3 Qa5 8.Nge2 Be7
9.g4 Nbd7 10.Nd4 Ne5 11.Be2 h6 12.h4 b5 13.Rg1 b4 14.Nd1 Bxg4 15.Nf2 Bd7
16.f4 Ng6 17.h5 Nf8 18.a3 d5 19.Nb3 Qc7 20.e5 Ne4 21.Nxe4 dxe4 22.axb4 Bf5
23.Nd4 Rd8 24.Qc3 Bh4+ 25.Bf2 Bxf2+ 26.Kxf2 Qb6 27.Qxc6+ Qxc6 28.Nxc6 Rd2
29.Ke3  1-0

[Event "World op"]
[Site "Philadelphia"]
[Date "1995.??.??"]
[Round "6"]
[White "Sevillano, Enrico"]
[Black "Ehlvest, Jaan"]
[Result "1-0"]
[WhiteElo "2440"]
[BlackElo "2615"]

1.e4 c5 2.c3 d5 3.exd5 Qxd5 4.d4 Nf6 5.Nf3 g6 6.Na3 Bg7 7.Bb5+ Nc6 8.O-O O-O
9.dxc5 Qxc5 10.Be3 Qh5 11.h3 Rd8 12.Qe2 Nd5 13.Rad1 Be6 14.Bc1 a6 15.Bxc6 bxc6
16.Rfe1 a5 17.Nc4 Rac8 18.Nxa5 Nxc3 19.Rxd8+ Rxd8 20.Qa6 Bxh3 21.bxc3 Bxg2
22.Kxg2 Qg4+ 23.Kf1 Qxf3 24.Qxc6 Qd3+ 25.Kg2 Qf5 26.Nb3 Rd5 27.Qc4 Bf8 28.a4 Qd7
29.a5 Rh5 30.Kf1 Qb7 31.Re4 Rb5 32.a6 Qxa6 33.Re5 Rb6 34.Qxa6 Rxa6 35.c4 Ra2
36.Re2  1-0

[Event "World op"]
[Site "Philadelphia"]
[Date "1995.??.??"]
[Round "7"]
[White "Ehlvest, Jaan"]
[Black "Costigan, Richard"]
[Result "1-0"]
[WhiteElo "2615"]
[BlackElo "2295"]

1.d4 c5 2.d5 e5 3.e4 d6 4.Nc3 Ne7 5.Nf3 Ng6 6.g3 Be7 7.h4 O-O 8.Nd2 b6 9.Nc4 Na6
10.Ne3 Nh8 11.Nf5 g6 12.Nxe7+ Qxe7 13.Nb5 f6 14.c4 Nf7 15.Be2 Nc7 16.Nc3 a6
17.a3 Bd7 18.b3 b5 19.Be3 Rfb8 20.Qd2 Rb7 21.f3 Rab8 22.Ra2 Kg7 23.Kf2 h6
24.Nd1 Kh7 25.Nb2 Ne8 26.Kg2 bxc4 27.bxc4 Qd8 28.Nd3 Qc8 29.Kh2 Ba4 30.Raa1 Rb6
31.Rhf1 f5 32.exf5 gxf5 33.Qa5 Bc2 34.Ne1 Bb1 35.Bc1 Nf6 36.Qd2 f4 37.gxf4 e4
38.Ng2 Qf5 39.Rxb1 Rxb1 40.fxe4 Nxe4 41.Qc2 R1b3 42.Bd3 Rxd3 43.Qxd3 Re8
44.Bb2 Rg8 45.Rf3 h5 46.Re3 Re8 47.Kg1 Nh6 48.Be5 Nf6 49.Bxd6 Rxe3 50.Qxe3 Nhg4
51.Qe7+ Kg6 52.Bxc5 Qb1+ 53.Qe1 Qc2 54.f5+ Qxf5 55.Bd6 Qd3 56.Nf4+  1-0

[Event "World op"]
[Site "Philadelphia"]
[Date "1995.??.??"]
[Round "8"]
[White "Kaufman, Larry C"]
[Black "Ehlvest, Jaan"]
[Result "1-0"]
[WhiteElo "2430"]
[BlackElo "2630"]

1.e4 c5 2.c3 d6 3.d4 Nf6 4.Bd3 Nc6 5.Nf3 g6 6.O-O Bg7 7.d5 Na5 8.Nbd2 b6
9.Rb1 O-O 10.b4 Nb7 11.a3 Qc7 12.Bb2 e5 13.dxe6 fxe6 14.e5 dxe5 15.c4 Nd7
16.Ng5 Qd6 17.Nde4 Qe7 18.Qg4 Rf5 19.h4 Nd8 20.Rfe1 Bb7 21.b5 Nf8 22.Rbd1 h6
23.Nf3 Nf7 24.Qg3 g5 25.hxg5 hxg5 26.Bc1 Nh7 27.Nh2 Re8 28.Ng4 Nf8 29.Qh3 Ng6
30.g3 Nf8 31.Ne3 Nh6 32.Nxf5 exf5 33.Bxg5 Qe6 34.Nf6+ Bxf6 35.Qxh6 Bg7 36.Qxe6+ Nxe6
37.Be3 Rf8 38.Bf1 Nd4 39.Bxd4 cxd4 40.Bg2 Bxg2 41.Kxg2 Rc8 42.f3 Rxc4 43.Rc1 Ra4
44.Rc8+ Kf7 45.Rec1 Bf6 46.R1c7+ Ke6 47.Rc6+ Kf7 48.R8c7+ Be7 49.Rh6 d3 50.Rh7+  1-0

[Event "Rubinstein mem"]
[Site "Polanica Zdroj"]
[Date "1995.??.??"]
[Round "8"]
[White "Kaminski, Marcin"]
[Black "Ehlvest, Jaan"]
[Result "1/2-1/2"]
[WhiteElo "2495"]
[BlackElo "2630"]

1.e4 c5 2.Nf3 d6 3.d4 cxd4 4.Qxd4 a6 5.c4 Nc6 6.Qd2 Bg4 7.Be2 g6 8.O-O Rc8
9.b3 Bg7 10.Nc3 Nf6  1/2-1/2

[Event "Lee Cup"]
[Site "Beijing"]
[Date "1996.??.??"]
[Round "1"]
[White "Ehlvest, Jaan"]
[Black "Zhang Zhong"]
[Result "1-0"]
[WhiteElo "2660"]
[BlackElo "2425"]

1.e4 c5 2.Nf3 e6 3.d3 Nc6 4.g3 g6 5.Bg5 Qb6 6.Na3 Qxb2 7.Nc4 Qc3+ 8.Bd2 Qg7
9.Bg2 Be7 10.O-O d6 11.c3 g5 12.d4 g4 13.Nh4 b5 14.Nxd6+ Bxd6 15.e5 Bd7 16.exd6 cxd4
17.cxd4 Qxd4 18.Rc1 Rc8 19.Re1 Qa4 20.Rc2 Nce7 21.Be4 Ng6 22.Rxc8+ Bxc8 23.Qxa4 bxa4
24.Rc1 Bd7 25.Bc3 e5 26.Rb1 Kf8 27.Nxg6+ hxg6 28.Rb7  1-0

[Event "Lee Cup"]
[Site "Beijing"]
[Date "1996.??.??"]
[Round "7"]
[White "Ehlvest, Jaan"]
[Black "Stohl, Igor"]
[Result "1/2-1/2"]
[WhiteElo "2660"]
[BlackElo "2560"]

1.e4 c5 2.Nf3 d6 3.d4 cxd4 4.Nxd4 Nf6 5.Nc3 a6 6.Be3 e6 7.g4 h6 8.f4 Nc6
9.h3 Qc7 10.Qf3 b5 11.Bd3 Bb7 12.O-O-O Be7 13.Kb1 Nd7 14.Nxc6 Bxc6 15.Bd4 Bf6
16.Bxf6 Nxf6 17.Rhe1 Qb7 18.Qe3 O-O-O 19.a3 Rhe8 20.Bf1 e5 21.Bg2 exf4 22.Qxf4 Qe7
23.Qf2 Qb7 24.Qg3 Re6 25.h4 g5 26.hxg5 hxg5 27.Rf1 Qe7 28.Nd5 Bxd5 29.exd5 Re3
30.Qf2 Nxg4 31.Qg1 Kb7 32.Bh1 Nh6 33.Rde1 Re8 34.Rxe3 Qxe3 35.Qh2 Qe2 36.Bg2 Rc8
37.Qxh6 Qxc2+ 38.Ka1 Qxg2 39.Rxf7+ Rc7 40.Rxc7+ Kxc7 41.Qg7+ Kb6 42.Qd4+ Kb7  1/2-1/2

[Event "Lee Cup"]
[Site "Beijing"]
[Date "1996.??.??"]
[Round "8"]
[White "Tong Yuanming"]
[Black "Ehlvest, Jaan"]
[Result "1-0"]
[WhiteElo "2500"]
[BlackElo "2660"]

1.e4 c5 2.Nf3 e6 3.c3 d5 4.exd5 Qxd5 5.d4 Nf6 6.Bd3 Nc6 7.O-O Qd8 8.dxc5 Bxc5
9.Qc2 Qc7 10.Bg5 h6 11.Bxf6 gxf6 12.Nbd2 Bd7 13.a4 Be7 14.Nc4 h5 15.Rfe1 h4
16.a5 Rd8 17.Qe2 Kf8 18.b4 a6 19.Rad1 Be8 20.Qe3 Kg7 21.Be2 f5 22.Rxd8 Bxd8
23.Rd1 Be7 24.Qb6 Qb8 25.Qe3 Qc7 26.Qd2 Bf6 27.Nd6 Ne7 28.c4 Ba4 29.Qf4 Bxd1
30.Nxf5+ Nxf5 31.Qxc7 Bxe2 32.Ne5 Bh5 33.g4 hxg3 34.hxg3 Nh6 35.f3 Rd8 36.g4 Bg6
37.Nxg6 Kxg6 38.Qxb7 Rd4 39.b5 Kg5 40.Qc7 Rd2 41.bxa6 Bd4+ 42.Kf1 Rf2+ 43.Ke1 Rxf3
44.a7 Bxa7 45.Qxa7 Nxg4 46.a6  1-0

[Event "Biel SKA"]
[Site "Biel"]
[Date "1996.??.??"]
[Round "1"]
[White "Almasi, Zoltan"]
[Black "Ehlvest, Jaan"]
[Result "1/2-1/2"]
[WhiteElo "2655"]
[BlackElo "2660"]

1.e4 e6 2.d4 d5 3.Nc3 dxe4 4.Nxe4 Nd7 5.Nf3 Ngf6 6.Nxf6+ Nxf6 7.Bg5 c5 8.Bb5+ Bd7
9.Bxd7+ Qxd7 10.Qe2 cxd4 11.O-O-O Bc5 12.Qe5 Rc8 13.Nxd4 Qc7 14.Qxc7 Rxc7
15.f3 a6 16.Rhe1 O-O 17.Bf4  1/2-1/2

[Event "Biel SKA"]
[Site "Biel"]
[Date "1996.??.??"]
[Round "7"]
[White "Ehlvest, Jaan"]
[Black "Karpov, Anatoly"]
[Result "1/2-1/2"]
[WhiteElo "2660"]
[BlackElo "2775"]

1.d4 Nf6 2.Nf3 e6 3.c4 b6 4.g3 Ba6 5.b3 Bb4+ 6.Bd2 Be7 7.Bg2 c6 8.Bc3 d5
9.Nbd2 Nbd7 10.O-O O-O 11.Re1 c5 12.e4 dxe4 13.Nxe4 Nxe4 14.Rxe4  1/2-1/2

[Event "Biel SKA"]
[Site "Biel"]
[Date "1996.??.??"]
[Round "11"]
[White "Ehlvest, Jaan"]
[Black "Lautier, Joel"]
[Result "1/2-1/2"]
[WhiteElo "2660"]
[BlackElo "2620"]

1.c4 c5 2.Nf3 Nf6 3.Nc3 Nc6 4.g3 d5 5.cxd5 Nxd5 6.Bg2 Nc7 7.Qa4 Bd7 8.Qe4 g6
9.Ne5 Bg7 10.Nxd7 Qxd7 11.O-O O-O 12.Rb1 Rab8 13.a3 Nd4 14.d3 e6 15.Be3 Ncb5
16.Bxd4 Nd6 17.Qf3 cxd4 18.Ne4 Nxe4 19.Qxe4 Rfc8  1/2-1/2

[Event "EU-ch Rapid-30'"]
[Site "Cap d`Agde"]
[Date "1996.??.??"]
[Round "?"]
[White "Leko, Peter"]
[Black "Ehlvest, Jaan"]
[Result "1/2-1/2"]
[WhiteElo "2630"]
[BlackElo "2660"]

1.e4 c5 2.Nf3 e6 3.d4 cxd4 4.Nxd4 a6 5.Bd3 Bc5 6.Nb3 Ba7 7.O-O Ne7 8.Nc3 Nbc6
9.Kh1 O-O 10.f4 d5 11.e5 f6 12.exf6 Rxf6 13.Ne2 Nf5 14.Bxf5 Rxf5 15.Ned4 Nxd4
16.Nxd4 Bxd4  1/2-1/2

[Event "EU-ch Rapid-30'"]
[Site "Cap d`Agde"]
[Date "1996.??.??"]
[Round "?"]
[White "Azmaiparashvili, Zurab"]
[Black "Ehlvest, Jaan"]
[Result "1/2-1/2"]
[WhiteElo "2670"]
[BlackElo "2660"]

1.e4 e6 2.d4 d5 3.exd5 exd5 4.Nf3 Nc6 5.h3 Bd6 6.Nc3 Nge7 7.Nb5 O-O 8.Be2 Ng6
9.O-O Nf4 10.Bd3 Nxd3 11.Qxd3 Ne7 12.Bg5 f6 13.Be3 c6 14.Nxd6 Qxd6 15.Rfe1 Bf5
16.Qb3 Ng6 17.Bd2 Qd7 18.Re2 Rfe8 19.Rae1 Rxe2 20.Rxe2 b6 21.a4 h5 22.Nh2 Re8
23.Re3 Rxe3 24.Bxe3 Nh4 25.Bf4 Qe8 26.Bg3 Ng6 27.Nf1 h4 28.Bd6 Qe2 29.Bb8 Bxc2
30.Qe3 Qd1 31.Qd2 Qb1 32.Kh2 Bxa4 33.Ne3 Qe4 34.Bxa7 Qf4+ 35.Kg1 Qc7 36.Qd3 Nf4
37.Qa6 Bb5 38.Bxb6 Ne2+ 39.Kh1 Bxa6 40.Bxc7 Nxd4 41.Bb6 Nb3 42.Nf5 Kf7 43.Nd4 Nxd4
44.Bxd4 Ke6 45.f3 g5 46.Kg1 f5 47.Kf2 f4 48.b4  1/2-1/2

[Event "EU-ch Rapid-30'"]
[Site "Cap d`Agde"]
[Date "1996.??.??"]
[Round "?"]
[White "Ehlvest, Jaan"]
[Black "Gelfand, Boris"]
[Result "1/2-1/2"]
[WhiteElo "2660"]
[BlackElo "2665"]

1.e4 c5 2.Nf3 d6 3.d4 cxd4 4.Nxd4 Nf6 5.Nc3 a6 6.f4 e5 7.Nf3 Nbd7 8.a4 Be7
9.Bc4 Qa5 10.Qe2 O-O 11.O-O exf4 12.Bxf4 Ne5 13.Bb3 Nxf3+ 14.Qxf3 Be6 15.Kh1 Bxb3
16.cxb3 Rae8 17.Rad1 Qb6 18.Nd5  1/2-1/2

[Event "EU-ch Rapid-30'"]
[Site "Cap d`Agde"]
[Date "1996.??.??"]
[Round "?"]
[White "Ehlvest, Jaan"]
[Black "Sokolov, Ivan"]
[Result "1/2-1/2"]
[WhiteElo "2660"]
[BlackElo "2670"]

1.d4 Nf6 2.Nf3 g6 3.Bf4 Bg7 4.e3 d6 5.h3 O-O 6.Be2 c5 7.c3 Qb6 8.Qb3 Nc6
9.Nbd2 Be6 10.Qxb6 axb6 11.a3 Rfe8 12.O-O Bd5 13.Bg3 cxd4 14.exd4 e5 15.dxe5 dxe5
16.Nc4 e4 17.Nh2 Bxc4 18.Bxc4 Ne5 19.Bxe5 Rxe5 20.Ng4 Nxg4 21.hxg4 Rc8 22.Be2 e3
23.fxe3 Bh6 24.Rad1 Bxe3+ 25.Kh1 Rc7 26.Bf3 Kg7 27.Rd5 Rxd5 28.Bxd5  1/2-1/2

[Event "EU-ch Rapid-30'"]
[Site "Cap d`Agde"]
[Date "1996.??.??"]
[Round "?"]
[White "Ehlvest, Jaan"]
[Black "Van Wely, Loek"]
[Result "0-1"]
[WhiteElo "2660"]
[BlackElo "2605"]

1.e4 c5 2.Nf3 d6 3.d4 cxd4 4.Nxd4 Nf6 5.Nc3 a6 6.f4 Qc7 7.Bd3 g6 8.O-O Bg7
9.Nf3 Nbd7 10.a4 b6 11.Qe2 Bb7 12.e5 dxe5 13.fxe5 Nd5 14.e6 fxe6 15.Ng5 Nxc3
16.bxc3 Nc5 17.Nxe6 Nxe6 18.Qxe6 Qc6 19.Qh3 Bxc3 20.Rb1 Bd4+ 21.Kh1 Qd7 22.Qxd7+ Kxd7
23.Rd1 e5 24.c3 Bc5 25.Bxa6+ Kc7 26.Bxb7 Kxb7 27.Rd5 Rhd8 28.Rxd8 Rxd8 29.Bg5 Ra8
30.Ra1 Kc6 31.g3 Kd5 32.Kg2 e4 33.h4 Kc4 34.Bf6 Rf8 35.Bd4 Bxd4 36.cxd4 e3
37.d5 Rf2+ 38.Kg1 Kxd5 39.a5 bxa5 40.Rxa5+ Ke4 41.h5 Rb2 42.Ra7 Rb1+ 43.Kg2 e2
44.Re7+ Kd3  0-1

[Event "Haarlem op"]
[Site "Haarlem"]
[Date "1996.??.??"]
[Round "6"]
[White "Van der Weide, Karel"]
[Black "Ehlvest, Jaan"]
[Result "1/2-1/2"]
[WhiteElo "2345"]
[BlackElo "2660"]

1.e4 g6 2.d3 Bg7 3.g3 c6 4.Bg2 d5 5.Nd2 e5 6.Ngf3 Ne7 7.O-O O-O 8.b4 Na6
9.a3 Nc7 10.Bb2 f6 11.Re1 d4 12.Nc4 Bg4 13.c3 dxc3 14.Bxc3 Qd7 15.Qb3 Be6
16.Qc2 b6 17.a4 Rfd8 18.Bf1 c5 19.b5 Nc8 20.Nh4 Bh3 21.Ng2 Nd6 22.Nge3 Nf7
23.Rad1 Ng5 24.Qe2 Bxf1 25.Rxf1 Nge6 26.Qg4 Nd4 27.Qxd7 Rxd7 28.Bxd4 Rxd4
29.Nc2 Rd7 30.f3 Rad8 31.Ne1 Bh6 32.Rf2 Ne8 33.Rc2 Rd4 34.Kf2 Nd6 35.Ke2 Kf7
36.Nxd6+ R8xd6 37.Rc4 f5  1/2-1/2

[Event "Chess.net m4 blitz"]
[Site "Internet"]
[Date "1996.??.??"]
[Round "2"]
[White "Stefansson, Hannes"]
[Black "Ehlvest, Jaan"]
[Result "0-1"]
[WhiteElo "2480"]
[BlackElo "2505"]

1.e4 e6 2.d4 d5 3.Nc3 dxe4 4.Nxe4 Nd7 5.Nf3 Ngf6 6.Nxf6+ Nxf6 7.Bd3 c5 8.dxc5 Bxc5
9.Qe2 Qc7 10.O-O O-O 11.Bg5 b6 12.Bxf6 gxf6 13.Qe4 f5 14.Qh4 f6 15.Bc4 Kh8
16.Rad1 e5 17.Bd5 Rb8 18.g3 Qg7 19.Nd2 b5 20.Kh1 Bd7 21.f3 Rbd8 22.Nb3 Bb6
23.c4 bxc4 24.Qxc4 Rc8 25.Qe2 Rc7 26.Rc1 Rfc8 27.Rxc7 Rxc7 28.Rc1 Rxc1+ 29.Nxc1 Qe7
30.Qc4 Qc5 31.Qxc5 Bxc5 32.Nb3 Be3 33.Kg2 Kg7 34.Na5 h5 35.Nc4 Bd4 36.b3 Bc5
37.a4 Bb4 38.Nb2 Bc8 39.Nc4 Bd7 40.Nb2 Kg6 41.Nc4 Bc3 42.Nd6 Bb4 43.Nc4 h4
44.Nb2 Kg5 45.Nd3 Bd2 46.Nc5 Be8 47.Ne6+ Kh6 48.Nc7 Bg6 49.Kf2 f4 50.Nb5 Bd3
51.Bc4 Be3+ 52.Kg2 Bc2 53.g4 e4 54.h3 f5 55.Nd6 fxg4 56.hxg4 exf3+ 57.Kxf3 Bd1+
58.Ke4 Kg5 59.Nf5 Bc2+ 60.Kf3 Bd1+ 61.Ke4 h3 62.Nxe3 h2  0-1

[Event "New York op"]
[Site "New York"]
[Date "1996.??.??"]
[Round "5"]
[White "Stoyko, Stephen E"]
[Black "Ehlvest, Jaan"]
[Result "0-1"]
[WhiteElo "2295"]
[BlackElo "2660"]

1.e4 c5 2.Nf3 e6 3.d3 Nc6 4.g3 Bd6 5.Bg2 Nge7 6.O-O O-O 7.Nbd2 Bc7 8.Nb3 d6
9.d4 cxd4 10.Nbxd4 a6 11.c4 e5 12.Nc2 b5 13.Ne3 Bb6 14.Nd5 Bc5 15.cxb5 axb5
16.Be3 Bxe3 17.Nxe3 Be6 18.a3 Na5 19.Nd2 Qb6 20.b4 Nac6 21.Nb3 Bxb3 22.Qxb3 Nd4
23.Qb2 Rfc8 24.Rfd1 Rc3 25.Rdc1 Rb3 26.Qd2 h6 27.Nf5 Nexf5 28.exf5 Nf3+ 29.Bxf3 Rxf3
30.Qd5 Qxf2+ 31.Kh1 Raxa3 32.Qxd6 Rxa1 33.Rxa1 Rxf5 34.Qd3 g6 35.g4 Qf3+
36.Qxf3 Rxf3 37.Ra8+ Kg7 38.Rb8 Rf4 39.Rxb5 Rxg4 40.Rb8 Kf6 41.b5 Rb4 42.b6 Rb2
43.b7 Kf5  0-1

[Event "San Roque"]
[Site "San Roque"]
[Date "1996.??.??"]
[Round "1"]
[White "Ehlvest, Jaan"]
[Black "Sion Castro, Marcelino"]
[Result "1/2-1/2"]
[WhiteElo "2660"]
[BlackElo "2400"]

1.e4 c5 2.Nf3 e6 3.d3 Nc6 4.g3 Nge7 5.Bg2 g6 6.d4 cxd4 7.Nxd4 Bg7 8.Nxc6 Nxc6
9.O-O O-O 10.Nc3 d6 11.Be3 Rb8 12.a4 a6 13.Qe2 b5 14.axb5 axb5 15.Nxb5 Bxb2
16.Rad1 Ba6 17.c4 Ne5 18.Qxb2 Nxc4 19.Qa1 Nxe3 20.Qxa6 Nxd1 21.Rxd1 Rb6 22.Qa5 Qb8
23.Bf1 Rc8 24.Na3 Rb4 25.Nb5 Rxe4 26.Nxd6  1/2-1/2